Ordinary differential equations / (Record no. 29307)

000 -LEADER
fixed length control field 00610 a2200193 4500
020 ## - INTERNATIONAL STANDARD BOOK NUMBER
International Standard Book Number 3540345639
020 ## - INTERNATIONAL STANDARD BOOK NUMBER
International Standard Book Number 9783540345633
082 04 - DEWEY DECIMAL CLASSIFICATION NUMBER
Classification number 515.352
090 ## - LOCALLY ASSIGNED LC-TYPE CALL NUMBER (OCLC); LOCAL CALL NUMBER (RLIN)
-- 678
-- 678
100 1# - MAIN ENTRY--PERSONAL NAME
Personal name Arnold, Vladimir I.
245 10 - TITLE STATEMENT
Title Ordinary differential equations /
Statement of responsibility, etc. Vladimir I. Arnold, R. Cooke.
260 ## - PUBLICATION, DISTRIBUTION, ETC.
Place of publication, distribution, etc. [S.l.] :
Name of publisher, distributor, etc. Springer,
Date of publication, distribution, etc. 1992
300 ## - PHYSICAL DESCRIPTION
Extent 334 p. ;
Dimensions 24 cm.
490 1# - SERIES STATEMENT
Series statement Universitext.
700 1# - ADDED ENTRY--PERSONAL NAME
Personal name Cooke, R.
830 #0 - SERIES ADDED ENTRY--UNIFORM TITLE
Uniform title Universitext.
942 ## - ADDED ENTRY ELEMENTS (KOHA)
Institution code [OBSOLETE] SNS
Koha item type Book
Call number prefix 515.352 ARN
Holdings
Withdrawn status Lost status Damaged status Not for loan Permanent Location Current Location Date acquired Total Checkouts Full call number Barcode Date last seen Date last checked out Price effective from Koha item type
        School of Natural Sciences (SNS) School of Natural Sciences (SNS) 05/26/2016 1 515.352 ARN SNS0000832 07/03/2024 06/04/2024 05/26/2016 Book
© 2023 Central Library, National University of Sciences and Technology. All Rights Reserved.